00768cam a22002171a 45000010005000000030008000050050017000130080039000300350018000690400032000870410013001190820028001321100012001602450137001722600081003093000024003904900052004146500032004668300007004988300045005054998BD-RjUL20211208234006.0131224s1962 nju 000 0 eng a(BD-RjUL)5034 aDLCcDLCdDLCdBD-RjULbeng1 aenghtur04218a343.09561bTUR 19621 aTurkey.14aThe Turkish Code of criminal procedure /cwith an introduction by Feyyaz Gölzüklü ; introduction translated by Yilmaz Altug̓. aSouth Hackensack, N.J. :bF.B. Rothman ;aLondon :bSweet & Maxwell,cc1962. ax, 158 p. ;c22 cm.1 aThe American series of foreign penal codes ;v5 0aCriminal procedurezTurkey. 0v5. 0aAmerican series of foreign penal codes ;